MDQL
is popping MORE tags! Check the
thread
!
Quizzes
Events
Quiz Creation
Community
Videos
Private Events
Remove Ads
Sign In
Join for FREE
Feedback
Dark Mode
Quiz Categories
Sports
Geography
Music
Movies
Television
Just For Fun
Miscellaneous
History
Literature
Language
Science
Gaming
Entertainment
Religion
Holiday
For Kids
Quiz Lab
Recent
Popular Today
Quiz Kudos Today
Editor Picks
Curator Picks
Quizzes by...
Day
Popularity
Type
Ratings
Length
Year
Community
Subscriptions
Recent Discussions
Orange Saloon
Badges
Playlists
Quests
Create
Leaderboards
Showdown
Live 5
Trivia Bingo
Activity
Puzzle Library
Sporcle Events
Private Events
Virtual Trivia
Globe League
Become a Host
Pub Owners
SporcleCon
Opinionation
Our Games
Videos
Blog
Mobile Apps
Partnerships
Remove Ads and Go Orange
Feedback
Sports
Athletes
MLB
NBA
NHL
NFL
Soccer
Sports Teams
WWE
NCAA
Football
Premier League
Basketball
Baseball
Hockey
Golf
Tennis
Cricket
Rugby
Auto Racing
Olympics
World Cup
Sports
Athletes
MLB
NBA
NHL
NFL
Soccer
Sports Teams
WWE
NCAA
Football
Premier League
Basketball
Baseball
Hockey
Golf
Tennis
Cricket
Rugby
Auto Racing
Olympics
World Cup
Random Quiz
Search Sporcle
×
Quiz Lab
Quiz Lab
Sports
NBA
Type in answers that appear in a list
Type in answers that appear in a list
Classic
Best Score? Go Orange.
NBA Rebounds Per Game Leaders Stats
Can you name the NBA Rebounds Per Game Leaders?
By
Math2
10m
61 Questions
91 Plays
91 Plays
91 Plays
Comments
Comments
Give Quiz Kudos
Give Quiz Kudos
-
- Ratings
hide this ad
Forced Order
Answers have to be entered in order
Answers have to be entered in order
Replay
Link that replays current quiz
Next Quiz
Link to next quiz in quiz playlist
You Got
0%
They Got
Avg Score
79%
Avg Friend Score
Upgrade to see
Score Distribution
Jump to the score distribution portion of the page
Score
0/61
Timer
10:00
0
Plays Today
Year
Player
% Correct
2006-
07
Kevin Garnett
97.8%
2007-
08
Dwight Howard
97.8%
2008-
09
Dwight Howard
97.8%
2009-
10
Dwight Howard
97.8%
1995-
96
Dennis Rodman
96.7%
1996-
97
Dennis Rodman
96.7%
1997-
98
Dennis Rodman
96.7%
2003-
04
Kevin Garnett
96.7%
2004-
05
Kevin Garnett
96.7%
2005-
06
Kevin Garnett
96.7%
1964-
65
Bill Russell
93.4%
1989-
90
Hakeem Olajuwon
93.4%
1992-
93
Dennis Rodman
93.4%
2001-
02
Ben Wallace
93.4%
2002-
03
Ben Wallace
93.4%
2010-
11
Kevin Love
93.4%
1963-
64
Bill Russell
92.3%
1966-
67
Wilt Chamberlain
92.3%
1967-
68
Wilt Chamberlain
92.3%
1988-
89
Hakeem Olajuwon
92.3%
1991-
92
Dennis Rodman
92.3%
1956-
57
Bill Russell
91.2%
1957-
58
Bill Russell
91.2%
1958-
59
Bill Russell
91.2%
1961-
62
Wilt Chamberlain
91.2%
1965-
66
Wilt Chamberlain
91.2%
1990-
91
David Robinson
91.2%
1959-
60
Wilt Chamberlain
90.1%
1960-
61
Wilt Chamberlain
89%
1962-
63
Wilt Chamberlain
89%
2000-
01
Dikembe Mutombo
89%
Year
Player
% Correct
1993-
94
Dennis Rodman
87.9%
1994-
95
Dennis Rodman
87.9%
1998-
99
Chris Webber
87.9%
1999-
00
Dikembe Mutombo
87.9%
1975-
76
Kareem Abdul-Jabbar
85.7%
1982-
83
Moses Malone
85.7%
1983-
84
Moses Malone
85.7%
1984-
85
Moses Malone
85.7%
1968-
69
Wilt Chamberlain
84.6%
1971-
72
Wilt Chamberlain
84.6%
1970-
71
Wilt Chamberlain
83.5%
1972-
73
Wilt Chamberlain
83.5%
1976-
77
Bill Walton
80.2%
1980-
81
Moses Malone
78%
1981-
82
Moses Malone
78%
1951-
52
George Mikan
71.4%
1978-
79
Moses Malone
71.4%
1952-
53
George Mikan
67%
1985-
86
Bill Laimbeer
67%
1986-
87
Charles Barkley
67%
1974-
75
Wes Unseld
63.7%
1973-
74
Elvin Hayes
48.4%
1969-
70
Elvin Hayes
46.2%
1950-
51
Dolph Schayes
44%
1987-
88
Michael Cage
27.5%
1954-
55
Neil Johnston
25.3%
1977-
78
Truck Robinson
22%
1953-
54
Harry Gallatin
20.9%
1955-
56
Maurice Stokes
20.9%
1979-
80
Swen Nater
20.9%
Quiz Playlist
Details
Report
Send in Message
Add To Playlist
Classic:
Type in answers that appear in a list
Forced Order:
Answers have to be entered in order
Last Updated: Feb 16, 2017
Quiz Scoreboard
CHALLENGE
Sign Up to Join the Scoreboard
Show All
Scores
Hide
Comments
May contain spoilers
Recently Published
Colored Red Africa Blitz
by spor1
Geography
30s
Find the 'City' Movie
by crazypaving
Movies
60s
5x2 Blitz: Bands
by SL_Kpop136
Music
30s
More to Explore
Quiz From the Vault
Featured Blog Post
14 Easter Pick-up Lines to Find Eggs With
hide this ad
You Might Also Like...
Tags
Basketball Quiz
NBA Quiz
Per Game
Player
rebounds
rpg
team
Today's Top Quizzes in Sports
Browse Sports
hide this ad
Today's Top Quizzes in NBA
Browse NBA
Top Contributed Quizzes in Sports
1
Players with Multiple 50 Home Run Seasons
2
Criteria MLB: Left Handed Sluggers
3
MLB Players with Two .350 Batting Average Seasons
4
Who Hit More Homers?
5
Premier League Clubs since 2000 (minefield)
6
Who Needs Fielders?
7
2020 F1 Drivers Logic Puzzle
8
Les entraîneurs de l'OM et du PSG au 21e siècle
9
Top 10 NHL Goal Scorers of All Time
10
MLB Hall of Famer by Rings
Explore More
Trending Topics
NBA
Kpop
Marvel
Crossword
Disney
Harry Potter
Anime
The Office
NFL
WWE
Country
Song
Soccer
Puzzle
Pokémon
hide this ad
More By:
Math2
Quiz
Plays
Rating
Category
Featured
Created
NBA MVPs
182
3.50
Sports
Jun 21, 2011
NBA PPG Leaders
101
3.25
Sports
Jun 20, 2011
NBA Rebounds Per Game Leaders
91
4.00
Sports
Jun 21, 2011
NBA Rookie of the Year Winners
89
4.00
Sports
Jun 21, 2011
NBA APG Leaders
79
4.50
Sports
Jun 21, 2011
Go to Creator's Profile
Score Distribution
Quiz Creator Spotlight
Math2
Follow
Send a Message
Quizzes Created
-
Created Quiz Play Count
-
More By This Creator
Popular Quizzes Today
1
Find the 'City' Movie
2
5x2 Blitz: Bands
3
Colored Red Africa Blitz
4
Find the US States - No Outlines Minefield
5
The Countries of the World
6
Find the US States
7
9x9 Crossword: Cartoon Network
8
US States
More Sports Quizzes
NFL Top 10 QB/RB/WR (1990s)
Published
Trending Quizzes
Colored Red Europe Blitz I
Colored Red Africa Blitz II
Colored Red Europe Blitz III
Colored Red Europe Blitz II
Colored Red Africa Blitz III
Recently Updated
Champions League XIs: Real Madrid
pecheneg
Largest US Cities 1790-2010
pecheneg
Rides in Walt Disney World
pecheneg
Most Oscar Losses (Acting)
pecheneg
Beyoncé Albums
pecheneg
Leaping Animals
pecheneg
Reality TV Shows (A-Z)
bhenderson79
Rickey Henderson's Hall of Fame Teammates
pecheneg
Champions League XIs: Arsenal
pecheneg
Quick Pick: Celebrities in WWE's Hall of Fame
aduchscher
Trending Topics
Disney
Marvel
NBA
Harry Potter
Crossword
Kpop
Anime
Song
The Office
NFL
Soccer
Pokémon
Puzzle
Country
WWE
Your Account Isn't Verified!
In order to create a playlist on Sporcle, you need to verify the email address you used during registration. Go to your
Sporcle Settings
to finish the process.
Report this User
Report this user for behavior that violates our
Community Guidelines
.
Details:
Send Report
Go to the Sporcle.com Mobile Site →
Comments